| 000 | 00000nam##2200000za#4500 |
| 001 | 9.525534 |
| 003 | CaOODSP |
| 005 | 20200327082924 |
| 007 | ta |
| 008 | 150406|1995||||xxc||||| f|0| 0 eng|d |
| 020 | |a0-662-61710-X |
| 040 | |aCaOODSP|beng |
| 041 | |aeng |
| 041 | |afre |
| 043 | |an-cn--- |
| 086 | 1 |aC21-24/4-1995 |
| 110 | 1 |aCanada.|bIndustry Canada. |bMicro-Economic Analysis Directorate. |
| 245 | 14|aThe economic impact of mergers and acquisitions on corporations / |cby Gilles Mcdougall. |
| 260 | |aOttawa - Ontario : |bIndustry Canada. |c1995. |
| 300 | |aEnglish text, ii, 53p. : |bgraphs, tables ; |c28 cm. |
| 490 | 1 |aWorking paper|vNo. 4 |
| 500 | |a"This paper attempts to determine the costs and benefits of mergers and acquisitions. It is a follow-up to Investment Canada's Working Paper No. 11, Business Performance Following a Takeover. It uses however a different data base and obtains results from a different methodology."--Introduction. |
| 504 | |aBibliography. |
| 520 | 3 |aThis paper attempts to determine the costs and benefits of mergers and acquisitions. It is a follow-up to Investment Canada's Working Paper No. 11, Business Performance Following a Takeover. It uses however a different data base and obtains results from a different methodology.--Introduction |
| 546 | |aBilingual |
| 563 | |aSoftcover |
| 690 | 07|aCorporations|2gcpds |
| 720 | 1 |aMcdougall, Gilles |
| 776 | 0#|tThe economic impact of mergers and acquisitions on corporations / |w(CaOODSP)9.570559 |
| 776 | 0#|tL'impact économique des activités de fusion et d'acquisition sur les entreprises / |w(CaOODSP)9.601206 |
| 792 | |tL'impact économique des activités de fusion et d'acquisition sur les entreprises / |efre|w(CaOODSP)9.525535 |
| 830 | #0|aWorking paper ;|vNo. 4|w(CaOODSP)9.509052 |